Największe miasta Azji, z wyjątkami - Statystyki

Ogólne statystyki
  • Ten quiz został rozwiązany 176 razy
    96 od ostatniego zresetowania
  • Średni wynik to 13 z 20
Statystyki odpowiedzi
Populacja Państwo Miasto % Poprawnych
10 010 784 Korea Południowa Seul
98%
13 484 462 Filipiny Manila
90%
5 271 000 Turcja Ankara
87%
10 075 310 Indonezja Dżakarta
87%
8 154 051 Iran Teheran
87%
10 539 415 Tajlandia Bangkok
85%
5 535 000 Singapur Singapur
85%
8 053 663 Wietnam Hanoi
83%
14 543 124 Bangladesz Dhaka
78%
5 676 621 Arabia Saudyjska Rijad
78%
4 000 164 Tajwan Tajpej
74%
7 180 889 Irak Bagdad
59%
20 382 881 Pakistan Karaczi
58%
8 993 082 Wietnam Ho Chi Minh
51%
4 168 000 Turcja Izmir
51%
13 004 135 Pakistan Lahaur
30%
3 510 833 Korea Południowa Pusan
28%
6 025 985 Bangladesz Ćottogram
23%
5 214 000 Mjanma Yangon
12%
6 480 765 Pakistan Fajsalabad
10%
Nie znaleziono quizów pasujących do podanych kryteriów
Rozkład punktacji
Procent ludzi z każdym wynikiem
Percentyl według liczby udzielonych odpowiedzi
Twoja historia wyników
Nie rozwiązałeś tego quizu od ostatniego zresetowania